Una messa a punto della omosessualita /
Guardat en:
| Autor principal: | |
|---|---|
| Altres autors: | |
| Format: | Llibre |
| Idioma: | italià |
| Publicat: |
Torino :
Marietti,
c1972
|
| Col·lecció: | Collana di medicina pastorale
|
| Matèries: | |
| Etiquetes: |
Sense etiquetes, Sigues el primer a etiquetar aquest registre!
|
MARC
| LEADER | 00000nam a22000007i 4500 | ||
|---|---|---|---|
| 001 | IT\ICCU\PUV\0439655 | ||
| 003 | ItRI | ||
| 005 | 20260115232247.0 | ||
| 008 | 990723s1972 it |||||| ||||| |||||c | ||
| 040 | |b ita |c importazione bologna sebina | ||
| 041 | 7 | |a ita |2 ISO-639-2 | |
| 100 | 1 | |a Gius, Erminio |0 IT\ICCU\CFIV\061085 |4 aut | |
| 245 | 1 | 4 | |a Una messa a punto della omosessualita / |c Erminio Gius ; presentazione di Marc Oraison. |
| 260 | |a Torino : |b Marietti, |c c1972 | ||
| 300 | |a 296 p. : |b ill. ; |c 25 cm. | ||
| 650 | 7 | |a Omosessualità | |
| 700 | 1 | |a Oraison, Marc |0 IT\ICCU\SBLV\045882 |4 aui | |
| 790 | 1 | |a Oraison, Joseph Marc |3 IT\ICCU\IEIV\083617 |z Oraison, Marc | |
| 830 | 0 | |a Collana di medicina pastorale |0 IT\ICCU\SBL\0445442 | |
| 942 | |2 ddc |c BK |n 0 | ||
| 952 | |0 0 |1 0 |4 0 |6 DOC_261_835000000000000_GIU |7 0 |9 23175 |a BO |b BO |d 2026-01-15 |i 325 |l 0 |o DOC 261.835 GIU |p BO325 |r 2026-01-15 23:22:47 |w 2026-01-15 |x [Sebina 5] [1 v.] |y BK |z 1 v. | ||
| 999 | |c 19762 |d 19762 | ||